[Event "Tourn. n9488"]
[Site "www.chess-mail.com"]
[Date "2017.08.19"]
[Round "1"]
[White "Guidom"]
[Black "Fedallah"]
[WhiteElo "2120"]
[BlackElo "2249"]
[Result "0-1"]
[Round "1"]
1.e4 e5
2.Ng1f3 Nb8c6
3.Bf1b5 a6
4.Bb5a4 Ng8f6
5.O-O b5
6.Ba4b3 Bf8e7
7.d3 d5
8.exd5 Nf6xd5
9.c3 O-O
10.Rf1e1 Bc8b7
11.d4 exd4
12.Nf3xd4 Be7f6
13.Nd4xc6 Bb7xc6
14.Qd1g4 Rf8e8
15.Re1d1 Qd8e7
16.h3 Qe7e1
17.Rd1xe1 Re8xe1
18.Kh2 Re1xc1
19.a4 Bf6e5
20.g3 Nd5e3
21.f3 Ne3xg4
{ resign }
0-1

[Event "Tourn. n9396"]
[Site "www.chess-mail.com"]
[Date "2017.08.19"]
[Round "1"]
[White "Castletyme"]
[Black "Lightning"]
[WhiteElo "2020"]
[BlackElo "2270"]
[Result "0-1"]
[Round "1"]
1.e4 c5
2.Ng1f3 e6
3.Bf1e2 Nb8c6
4.O-O Ng8f6
5.d3 d5
6.exd5 exd5
7.c3 Bf8d6
8.Nb1d2 O-O
9.Rf1e1 Rf8e8
10.Nd2f1 d4
11.c4 a6
12.Nf1g3 b5
13.cxb5 axb5
14.Bc1g5 h6
15.Bg5xf6 Qd8xf6
16.a3 Bc8e6
17.Ng3e4 Qf6e7
18.Ne4xd6 Qe7xd6
19.Be2f1 Be6g4
20.Bf1e2 Re8e6
21.Nf3d2 Bg4xe2
22.Re1xe2 Ra8e8
23.Re2xe6 Qd6xe6
24.Nd2f3 Nc6e5
25.Nf3xe5 Qe6xe5
26.g3 Qe5d5
27.b4 c4
28.dxc4 bxc4
29.Qd1a4 Re8e2
30.b5 d3
31.b6 d2
32.Ra1d1 Re2e1
{ resign }
0-1

[Event "Tourn. n9396"]
[Site "www.chess-mail.com"]
[Date "2017.08.19"]
[Round "1"]
[White "Castletyme"]
[Black "Francesco"]
[WhiteElo "2020"]
[BlackElo "2100"]
[Result "0-1"]
[Round "1"]
1.e4 c5
2.Ng1f3 d6
3.Bf1e2 Ng8f6
4.d3 Nb8c6
5.c3 g6
6.O-O Bf8g7
7.Nb1d2 O-O
8.Rf1e1 b5
9.Nd2f1 a5
10.Nf1g3 b4
11.cxb4 cxb4
12.Ra1b1 Bc8a6
13.Bc1g5 Ra8c8
14.Bg5xf6 Bg7xf6
15.d4 Ba6xe2
16.Re1xe2 Qd8b6
17.d5 Nc6d4
18.Nf3xd4 Bf6xd4
19.Re2d2 Bd4e5
20.Ng3e2 Rc8c4
21.Rd2d3 Rc4xe4
22.Rd3d2 Rf8c8
23.g3 Re4c4
24.Kg2 Rc4c5
25.Ne2d4 Rc5xd5
26.Nd4f3 Rd5xd2
27.Qd1xd2 Be5f6
28.b3 Rc8c3
29.Rb1c1 Rc3xc1
30.Qd2xc1 Bf6c3
31.a3 f5
32.axb4 axb4
33.Nf3d2 d5
34.Nd2b1 d4
35.Nb1xc3 bxc3
36.Qc1a3 c2
37.Qa3xe7 c1Q
38.Qe7e8 Kg7
{ resign }
0-1

[Event "Tourn. n9483"]
[Site "www.chess-mail.com"]
[Date "2017.08.19"]
[Round "1"]
[White "Jazzy"]
[Black "Luban"]
[WhiteElo "2230"]
[BlackElo "2150"]
[Result "1-0"]
[Round "1"]
1.d4 d5
2.Nb1c3 e6
3.e4 dxe4
4.Nc3xe4 Ng8f6
5.Ne4xf6 Qd8xf6
6.Ng1f3 h6
7.Bf1d3 Bf8d6
8.O-O a6
9.c3 c5
10.Bc1e3 Nb8d7
11.dxc5 Nd7xc5
12.Bd3c2 O-O
13.Qd1xd6 { resign }
1-0

[Event "Tourn. n9339"]
[Site "www.chess-mail.com"]
[Date "2017.08.19"]
[Round "1"]
[White "Sachpat"]
[Black "Seger"]
[WhiteElo "2780"]
[BlackElo "2620"]
[Result "1/2-1/2"]
[Round "1"]
1.e4 c5
2.Ng1f3 d6
3.d4 Ng8f6
4.Nb1c3 cxd4
5.Nf3xd4 Nb8c6
6.Bc1g5 e6
7.Qd1d2 a6
8.O-O-O h6
9.Bg5e3 Bc8d7
10.f4 b5
11.Bf1d3 Qd8c7
12.Kb1 Nc6a5
13.Qd2e1 b4
14.Nc3e2 Ra8c8
15.Bd3xa6 Rc8a8
16.Ba6d3 Na5c4
17.Be3c1 Bf8e7
18.b3 Nc4a3
19.Bc1xa3 Ra8xa3
20.Qe1xb4 d5
21.Qb4d2 Nf6xe4
22.Bd3xe4 dxe4
23.Ne2c3 Qc7b7
24.Rh1e1 O-O
25.Re1xe4 Be7f6
26.g3 Rf8c8
27.Re4e3 Rc8a8
28.Qd2d3 Qb7a7
29.h4 Qa7a5
30.Qd3e4 Ra8c8
31.Qe4d3 Bd7e8
32.Qd3d2 Qa5a7
33.Re3e4 h5
34.Qd2e1 Qa7a8
35.Re4e3 g6
36.Rd1d3 Qa8a6
37.Re3e5 Bf6g7
38.Qe1e4 Rc8xc3
39.Rd3xc3 Ra3xa2
40.Rc3c8 Ra2a1
41.Kb2 Ra1a2
42.Kb1 Ra2a1
43.Kb2 Ra1a2
44.Kb1 Ra2a1
45.Kb2 
1/2-1/2

[Event "Match"]
[Site "www.echecsemail.com"]
[Date "2017.08.19"]
[Round "1"]
[White "Mitja"]
[Black "Guidom"]
[WhiteElo "2080"]
[BlackElo "2130"]
[Result "0-1"]
[Round "1"]
1.d4 d5
2.e3 c6
3.c3 Ng8f6
4.h3 e6
5.Nb1d2 Bf8e7
6.Nd2b3 Nb8d7
7.Ng1f3 Qd8c7
8.Bf1e2 e5
9.Nf3xe5 Nd7xe5
10.dxe5 Qc7xe5
11.Nb3d4 c5
12.Nd4f3 Qe5c7
13.b3 Bc8e6
14.Bc1b2 O-O
15.Qd1c2 Ra8c8
16.Ra1c1 b6
17.Be2a6 Rc8d8
18.Ba6e2 Qc7b7
19.Be2d3 h6
20.Qc2e2 Nf6e4
21.Nf3d2 Ne4xd2
22.Qe2xd2 c4
23.Bd3c2 d4
24.cxd4 Qb7xg2
25.Rh1f1 Be6xh3
26.Qd2e2 Be7b4
{ resign }
0-1

[Event "Match"]
[Site "www.echecsemail.com"]
[Date "2017.08.19"]
[Round "1"]
[White "Juodivarnai"]
[Black "Liencam2"]
[WhiteElo "2130"]
[BlackElo "2260"]
[Result "1-0"]
[Round "1"]
1.e4 c5
2.Ng1f3 e6
3.d4 cxd4
4.Nf3xd4 a6
5.Nb1c3 b5
6.a3 Bc8b7
7.Bf1d3 Qd8c7
8.O-O Ng8f6
9.Bc1g5 Bf8e7
10.f4 d6
11.Rf1e1 Nb8d7
12.Nd4f3 Qc7c5
13.Kh1 h6
14.Bg5h4 Nf6g4
15.Bh4g3 h5
16.Nf3h4 Ng4f2
17.Bg3xf2 Qc5xf2
18.Nh4f3 Nd7c5
19.Qd1e2 Nc5xd3
20.cxd3 Qf2b6
21.Ra1c1 h4
22.h3 Ra8c8
23.f5 Rh8h6
24.Qe2e3 Qb6xe3
25.Re1xe3 d5
26.Re3e1 exf5
27.exf5 Kf8
28.d4 Rh6c6
29.Nf3e5 Rc6c7
30.Nc3e2 Be7g5
31.Rc1xc7 Rc8xc7
32.Ne2g1 Rc7c1
33.Re1xc1 Bg5xc1
34.Ne5d3 Bc1e3
35.Ng1e2 Ke7
36.Kh2 Kf6
37.Nd3e5 Bb7c8
38.Ne5g4 Kxf5
39.Ng4xe3 Ke4
40.Ne3d1 a5
41.Kg1 b4
42.axb4 axb4
43.Kf2 Bc8a6
44.Nd1e3 Ba6xe2
45.Kxe2 Kxd4
46.Ne3f5 Kc4
47.Kd2 Kb3
48.Kc1 g5
49.Nf5h6 f6
50.Nh6g4 f5
51.Ng4e3 f4
52.Ne3xd5 Kc4
53.Nd5f6 Kd3
54.Kd1 Ke3
55.Ke1 f3
56.Nf6g4 Kd3
57.Ng4e5 Kc2
58.Ne5xf3 Kxb2
59.Kd1 b3
60.Nf3d2 Kc3
61.Nd2xb3 Kd3
62.Ke1 Ke3
63.Nb3d2 g4
64.hxg4 Kf4
65.Nd2f1 Kxg4
66.Kf2 Kf4
67.Nf1h2 Kg5
68.Kf3 Kf5
69.Nh2g4 Kg5
70.Ng4f2 Kh5
71.Nf2h3 Kg6
72.Kg4 { resign }
1-0

[Event "Match"]
[Site "www.echecsemail.com"]
[Date "2017.08.19"]
[Round "1"]
[White "52maurice"]
[Black "86eamon"]
[WhiteElo "1430"]
[BlackElo "1700"]
[Result "1-0"]
[Round "1"]
1.b3 b6
2.a4 a5
3.Nb1c3 e6
4.d3 Bf8b4
5.Bc1d2 Qd8f6
6.Nc3e4 Qf6b2
7.Qd1b1 Bb4a3
8.Bd2c3 Qb2xb1
9.Ra1xb1 f5
10.Bc3xg7 Ba3b4
11.Ne4d2 Bb4xd2
12.Kxd2 Bc8b7
13.f3 b5
14.Bg7xh8 Ng8f6
15.Bh8xf6 bxa4
16.bxa4 Ra8a6
17.Rb1xb7 Ra6b6
18.Rb7xc7 Rb6b1
19.Ng1h3 Kf7
20.Bf6d4 Nb8c6
21.Rc7xd7 Ke8
22.Rd7xh7 Nc6xd4
23.g4 Rb1a1
24.gxf5 Kf8
25.f6 Ra1xa4
26.Rh1g1 Nd4f5
27.Rg1g6 { resign }
1-0

[Event "1/128 Finale"]
[Site "www.chess-mail.com"]
[Date "2017.08.19"]
[Round "1"]
[White "Theo64"]
[Black "Michel93"]
[WhiteElo "1729"]
[BlackElo "1809"]
[Result "0-1"]
[Round "1"]
1.e4 e6
2.d4 d5
3.Nb1c3 Bf8b4
4.e5 Qd8d7
5.h4 b6
6.h5 Bc8a6
7.Bf1xa6 Nb8xa6
8.Ng1e2 c5
9.a3 Bb4xc3
10.Ne2xc3 Ng8e7
11.dxc5 bxc5
12.Qd1d3 c4
13.Qd3e3 Ne7f5
14.Qe3f4 f6
15.g4 fxe5
16.Qf4xe5 Qd7d6
17.Bc1f4 Qd6xe5
18.Bf4xe5 Nf5e7
19.Be5xg7 Rh8g8
20.h6 Na6c5
21.O-O-O Kd7
22.f4 Kc6
23.Rh1h3 Ra8d8
24.Bg7f6 Rd8d7
25.Bf6xe7 Rd7xe7
26.g5 Re7f7
27.Rh3h4 Rg8f8
28.Rd1f1 e5
29.Nc3e2 Nc5e4
30.g6 hxg6
31.Rf1g1 exf4
32.Rg1xg6 Kc5
33.Rg6g7 f3
34.Rg7xf7 Rf8xf7
35.b4 cxb3
36.h7 fxe2
37.h8Q e1Q
38.Kb2 bxc2
39.Qh8c8 Kd4
40.Qc8h8 Ke3
41.Rh4h3 Rf7f3
42.Qh8h6 Ke2
43.Rh3h2 Rf3f2
44.Qh6a6 Kd2
45.Qa6a5 Kd1
46.Qa5xd5 Ne4d2
47.Qd5h5 Qe1e2
48.Rh2h1 Nd2f1
49.Qh5xe2 Rf2xe2
50.Rh1xf1 Kd2
51.Rf1c1 Kd3
52.Rc1h1 a5
53.Rh1h3 Kd2
54.Rh3h1 a4
55.Rh1c1 Kd3
56.Rc1h1 c1R
57.Kxc1 Kc4
58.Rh1h3 Re2f2
59.Rh3h4 Kb3
60.Rh4h3 Ka2
61.Rh3h4 Kxa3
62.Rh4h3 Ka2
63.Rh3c3 Rf2f1
64.Kc2 a3
65.Rc3d3 Rf1f8
66.Rd3c3 Rf8b8
67.Rc3d3 Rb8c8
68.Kd1 Kb2
69.Rd3d2 Kb1
70.Rd2d7 Rc8b8
71.Rd7c7 a2
72.Rc7c1 Kb2
73.Rc1c2 Ka3
74.Rc2xa2 Kxa2
{ resign }
0-1

[Event "Tourn. n9394"]
[Site "www.chess-mail.com"]
[Date "2017.08.20"]
[Round "1"]
[White "Numanoid"]
[Black "Rons"]
[WhiteElo "2470"]
[BlackElo "2590"]
[Result "0-1"]
[Round "1"]
1.d4 Ng8f6
2.Bc1g5 Nf6e4
3.Bg5f4 c5
4.f3 Qd8a5
5.c3 Ne4f6
6.d5 Qa5b6
7.Bf4c1 e6
8.e4 d6
9.c4 g6
10.Ng1e2 Bf8g7
11.Ne2c3 O-O
12.Nb1a3 a6
13.Bf1e2 exd5
14.exd5 Rf8e8
15.O-O Nb8d7
16.Na3c2 Qb6c7
17.a4 b6
18.f4 Nf6e4
19.Nc3xe4 Re8xe4
20.Be2d3 Re4e8
21.Ra1b1 Nd7f6
22.Nc2e3 Bc8d7
23.f5 Re8e5
24.Ne3g4 Nf6xg4
25.Qd1xg4 Qc7c8
26.b4 h5
27.Qg4g3 Bd7xf5
28.Bc1b2 Bf5xd3
29.Qg3xd3 cxb4
30.Bb2xe5 Qc8c5
31.Kh1 Bg7xe5
32.Rb1c1 Ra8c8
33.Qd3h3 f5
34.Qh3h4 b3
35.Qh4g5 Kh7
36.Qg5e7 Kh6
37.h4 b2
38.Qe7g5 Kh7
{ resign }
0-1

[Event "Tourn. n9430"]
[Site "www.chess-mail.com"]
[Date "2017.08.20"]
[Round "1"]
[White "Yakke"]
[Black "Passaroa25"]
[WhiteElo "1830"]
[BlackElo "1680"]
[Result "1-0"]
[Round "1"]
1.e4 c6
2.Ng1f3 d6
3.d4 b5
4.Bc1d2 f6
5.b3 Bc8e6
6.Bd2c3 Be6f7
7.Bf1d3 e6
8.Nb1d2 Ng8e7
9.a3 Ne7g6
10.Bc3b4 Bf8e7
11.O-O a5
12.Bb4c3 O-O
13.e5 Nb8d7
14.Rf1e1 Nd7b6
15.Nd2e4 Nb6d5
16.Bc3d2 dxe5
17.c4 Nd5f4
18.Bd2xf4 Ng6xf4
19.Bd3c2 Nf4g6
20.dxe5 Ng6xe5
21.Nf3xe5 fxe5
22.Ne4g3 Be7f6
23.Qd1d3 g6
24.Ng3h5 gxh5
25.Qd3xh7 
1-0

[Event "Tourn. n9439"]
[Site "www.chess-mail.com"]
[Date "2017.08.20"]
[Round "1"]
[White "Osopanda"]
[Black "Fantomas"]
[WhiteElo "1600"]
[BlackElo "1739"]
[Result "0-1"]
[Round "1"]
1.d4 Ng8f6
2.c4 c6
3.Nb1c3 d5
4.e3 Bc8e6
5.Ng1f3 dxc4
6.Bf1e2 Nf6d5
7.O-O b5
8.a3 f6
9.Rf1e1 Be6f7
10.Nc3xd5 Bf7xd5
11.Nf3d2 Bd5f7
12.Be2f3 e6
13.e4 Qd8xd4
14.Qd1c2 Bf8c5
15.Nd2f1 Qd4e5
16.Bc1e3 Bc5xe3
17.Nf1xe3 O-O
18.Ra1d1 Qe5c7
19.Re1e2 Nb8d7
20.Re2d2 Nd7c5
21.g3 Ra8d8
22.Rd2xd8 Rf8xd8
23.Bf3g2 e5
24.Ne3f5 Bf7e6
25.f4 exf4
26.Rd1xd8 Qc7xd8
27.Nf5h4 Qd8d4
28.Kh1 Nc5d3
29.Nh4f3 Qd4xb2
30.Qc2xb2 Nd3xb2
31.Nf3d2 c3
32.Nd2f3 c2
{ resign }
0-1

[Event "Tourn. n9412"]
[Site "www.chess-mail.com"]
[Date "2017.08.20"]
[Round "1"]
[White "Krystek23"]
[Black "Pdebonis"]
[WhiteElo "2380"]
[BlackElo "2710"]
[Result "0-1"]
[Round "1"]
1.Ng1f3 Ng8f6
2.c4 e6
3.Nb1c3 d5
4.d4 Bf8e7
5.Bc1f4 O-O
6.e3 Nb8d7
7.Qd1c2 c5
8.Ra1d1 cxd4
9.exd4 dxc4
10.Bf1xc4 Nd7b6
11.Bc4d3 Nb6d5
12.Nc3xd5 Qd8xd5
13.O-O Bc8d7
14.Bd3c4 Qd5a5
15.Nf3e5 Rf8d8
16.Ne5xd7 Rd8xd7
17.Qc2e2 Nf6d5
18.Bf4e5 Be7d6
19.a3 Bd6xe5
20.dxe5 Ra8d8
21.Rd1d2 Nd5f4
22.Qe2e4 Qa5xd2
23.b3 Nf4g6
24.a4 Qd2d4
25.Qe4e1 Ng6xe5
26.Bc4b5 Rd7c7
27.a5 a6
28.Bb5e2 Rc7c2
29.h3 Qd4b2
30.Be2c4 Ne5xc4
31.bxc4 Rc2e2
32.Qe1a1 Re2xf2
33.Qa1xb2 Rf2xb2
34.Rf1c1 Rd8d2
35.c5 Rd2xg2
36.Kf1 Rg2h2
37.Kg1 Rb2g2
38.Kf1 Rh2h1
39.Kxg2 Rh1xc1
{ resign }
0-1

[Event "Tourn. n9477"]
[Site "www.chess-mail.com"]
[Date "2017.08.20"]
[Round "1"]
[White "Aiko1603"]
[Black "Fantomas"]
[WhiteElo "2000"]
[BlackElo "1970"]
[Result "0-1"]
[Round "1"]
1.c4 c5
2.Nb1c3 Ng8f6
3.g3 e6
4.Bf1g2 d6
5.Ng1f3 Nb8c6
6.d3 Bf8e7
7.O-O O-O
8.Bc1e3 Nf6g4
9.h3 Ng4xe3
10.fxe3 Be7f6
11.d4 Qd8e7
12.d5 Nc6e5
13.Nf3xe5 Bf6xe5
14.Rf1f3 Be5xc3
15.bxc3 e5
16.e4 f5
17.exf5 Rf8xf5
18.e4 Rf5xf3
19.Qd1xf3 Bc8d7
20.Qf3h5 Ra8f8
21.Ra1b1 b6
22.h4 Qe7f7
23.Qh5e2 Qf7g6
24.Rb1f1 Rf8xf1
25.Qe2xf1 Qg6xg3
26.Qf1f3 Qg3xh4
27.Kf1 Bd7g4
28.Qf3e3 Qh4f6
29.Ke1 g5
30.Qe3g3 Qf6f4
31.Qg3xf4 gxf4
32.Kf2 h5
{ resign }
0-1

[Event "Tourn. n9470"]
[Site "www.chess-mail.com"]
[Date "2017.08.20"]
[Round "1"]
[White "Estonia"]
[Black "Scasan55"]
[WhiteElo "2060"]
[BlackElo "2010"]
[Result "0-1"]
[Round "1"]
1.d4 e6
2.c4 d5
3.Nb1c3 Bf8b4
4.e3 Ng8f6
5.Bc1d2 c5
6.Ng1f3 O-O
7.a3 Bb4xc3
8.Bd2xc3 cxd4
9.Nf3xd4 Nf6e4
10.Bf1d3 Ne4xc3
11.bxc3 dxc4
12.Bd3xc4 a6
13.O-O Qd8c7
14.Qd1b3 b5
15.Bc4e2 Bc8b7
16.Be2f3 Bb7xf3
17.Nd4xf3 Nb8c6
18.Nf3d4 Nc6xd4
19.cxd4 Ra8c8
20.Qb3b4 Rf8d8
21.g3 Rd8d5
22.Ra1a2 Qc7c4
23.Qb4b1 a5
24.Ra2b2 Rc8b8
25.Rf1c1 Qc4a4
26.Rc1c5 b4
27.Rc5xd5 exd5
28.Qb1c1 Qa4xa3
29.Qc1b1 Qa3a4
30.Qb1f5 Qa4b5
31.h4 a4
32.h5 a3
33.Rb2c2 Qb5b7
34.Rc2c5 a2
{ resign }
0-1

[Event "Tourn. n9452"]
[Site "www.chess-mail.com"]
[Date "2017.08.20"]
[Round "1"]
[White "Redapond1"]
[Black "Passaroa25"]
[WhiteElo "1800"]
[BlackElo "1680"]
[Result "0-1"]
[Round "1"]
1.d4 c6
2.Bc1f4 d5
3.Nb1c3 Nb8d7
4.e3 Nd7b6
5.Bf1d3 Nb6c4
6.Bd3xc4 dxc4
7.Ng1f3 f6
8.O-O Bc8e6
9.Qd1e2 Be6f7
10.Rf1d1 g5
11.Bf4g3 b5
 { time }
0-1

[Event "Tourn. n9452"]
[Site "www.chess-mail.com"]
[Date "2017.08.20"]
[Round "1"]
[White "Osopanda"]
[Black "Redapond1"]
[WhiteElo "1640"]
[BlackElo "1800"]
[Result "1-0"]
[Round "1"]
1.e4 e5
2.Ng1f3 Nb8c6
3.Bf1b5 Bf8c5
4.c3 a6
5.Bb5a4 b5
6.Ba4c2 Ng8f6
7.d4 exd4
8.cxd4 Bc5b6
9.Nb1c3 O-O
10.e5 Nf6g4
11.O-O d6
12.exd6 Qd8xd6
13.d5  { time }
1-0

[Event "Tourn. n9457"]
[Site "www.chess-mail.com"]
[Date "2017.08.20"]
[Round "1"]
[White "Cjood"]
[Black "Falcoale"]
[WhiteElo "2210"]
[BlackElo "2070"]
[Result "0-1"]
[Round "1"]
1.e4 c5
2.Ng1f3 Nb8c6
3.Bf1c4 e6
4.Nb1c3 a6
5.d3 Nc6a5
6.Bc1e3 Na5xc4
7.dxc4 b6
8.O-O Bc8b7
9.a4 d6
10.Rf1e1 Ng8f6
11.Be3f4 e5
12.Bf4g5 h6
13.Bg5h4 Bf8e7
14.h3 O-O
15.Nf3d2 Rf8e8
16.Bh4xf6 Be7xf6
17.Nc3d5 Bb7xd5
18.cxd5 Bf6h4
19.g3 Bh4e7
20.Nd2f3 Qd8c8
21.c4 Qc8xh3
22.Nf3h2 Re8f8
23.Qd1b3 Ra8b8
24.Re1e3 f5
25.exf5 Rf8xf5
26.g4 Qh3h4
27.gxf5 Be7g5
28.Re3h3 Qh4f4
29.Qb3d3 e4
30.Qd3f1 Qf4xf5
31.a5 bxa5
32.Ra1xa5 Rb8xb2
33.Ra5a3 Rb2b6
34.f3 e3
35.Nh2g4 Rb6b1
36.Ra3xa6 Rb1xf1
37.Kxf1 Qf5d3
38.Kg2 Qd3d2
39.Kg3 e2
40.Ra6a8 Kh7
41.Ra8e8 e1Q
42.Re8xe1 Qd2xe1
43.Ng4f2 Bg5e3
44.Rh3h2 Qe1g1
45.Kh3 Be3xf2
46.Rh2g2 Qg1h1
47.Kg4 Qh1xg2
48.Kf4 Bf2e1
49.Kf5 Qg2xf3
50.Ke6 Be1g3
51.Kd7 Qf3e4
52.Kc6 h5
53.Kd7 h4
{ resign }
0-1

[Event "Tourn. n9488"]
[Site "www.chess-mail.com"]
[Date "2017.08.20"]
[Round "1"]
[White "Fedallah"]
[Black "Fantomas"]
[WhiteElo "2249"]
[BlackElo "2000"]
[Result "1/2-1/2"]
[Round "1"]
1.e4 c5
2.Ng1f3 d6
3.c3 Ng8f6
4.Bf1e2 Nb8c6
5.d3 e6
6.O-O h6
7.Rf1e1 Qd8c7
8.Be2f1 Bf8e7
9.a4 b6
10.d4 cxd4
11.cxd4 O-O
12.e5 dxe5
13.dxe5 Nf6d5
14.Nb1d2 Rf8d8
15.Qd1b3 Nc6a5
16.Qb3d1 Be7b4
17.Qd1e2 Bc8b7
18.Qe2e4 Ra8c8
19.Bf1d3 g6
20.Qe4h4 h5
21.Bd3e4 Na5c4
22.Nd2xc4 Qc7xc4
23.Bc1d2 Bb4xd2
24.Nf3xd2 Qc4b4
25.Nd2f3 Rd8d7
26.g4 Qb4e7
27.Qh4xe7 Rd7xe7
28.gxh5 gxh5
29.a5 Nd5b4
30.axb6 { draw }
1/2-1/2

[Event "Tourn. n9473"]
[Site "www.chess-mail.com"]
[Date "2017.08.20"]
[Round "1"]
[White "Falcoale"]
[Black "Luban"]
[WhiteElo "2000"]
[BlackElo "2150"]
[Result "0-1"]
[Round "1"]
1.e4 c5
2.Ng1f3 d6
3.Bf1c4 e6
4.O-O a6
5.a3 b5
6.Bc4a2 Bc8b7
7.d3 h6
8.Bc1e3 Nb8c6
9.Nb1c3 Ng8f6
10.Rf1e1 Bf8e7
11.h3 O-O
12.Qd1e2 Qd8c7
13.Ra1c1 Ra8d8
14.Nc3d1 d5
15.exd5 exd5
16.Nf3h2 Rf8e8
17.Qe2d2 Be7d6
18.Nd1c3 Bd6xh2
19.Kh1 d4
20.Be3xd4 Nc6xd4
21.Re1xe8 Rd8xe8
22.Nc3d1 Bh2f4
23.Nd1e3 Qc7c6
24.Qd2d1 Bf4xe3
25.f3 Be3xc1
26.Qd1xc1 Nd4xf3
{ resign }
0-1

[Event "Tourn. n9465"]
[Site "www.chess-mail.com"]
[Date "2017.08.20"]
[Round "1"]
[White "Pachi"]
[Black "Vios"]
[WhiteElo "1560"]
[BlackElo "1729"]
[Result "0-1"]
[Round "1"]
1.e4 c6
2.c3 d5
3.f3 e5
4.Bf1d3 Ng8f6
5.Ng1e2 Bf8c5
6.b4 Bc5b6
7.Qd1a4 O-O
8.exd5 cxd5
9.h4 e4
10.fxe4 dxe4
11.Bd3c4 Nf6g4
12.Qa4b3 Ng4f2
13.Rh1f1 Qd8xh4
14.d4 exd3
15.Bc4xd3 Nf2xd3
16.Kd2 Rf8d8
17.Kc2 Bc8e6
18.Qb3a4 Qh4e4
19.Bc1d2 Nd3c5
20.Kc1 Nc5xa4
21.Ne2g3 Qe4xg2
22.Bd2e1 Qg2b2
{ resign }
0-1

[Event "Tourn. n9415"]
[Site "www.chess-mail.com"]
[Date "2017.08.20"]
[Round "1"]
[White "Julian"]
[Black "Bjonil60"]
[WhiteElo "1470"]
[BlackElo "1530"]
[Result "1-0"]
[Round "1"]
1.e4 e5
2.Ng1f3 Nb8c6
3.Bf1b5 a6
4.Bb5a4 b5
5.Ba4b3 Ng8f6
6.Nb1c3 Qd8e7
7.O-O h6
8.d4 b4
9.Nc3d5 Qe7d6
10.dxe5 Nf6h7
11.exd6 cxd6
12.Bc1f4 g5
13.Bf4e3 a5
14.a3 bxa3
15.bxa3 Nc6e7
16.Nd5xe7 Bf8xe7
17.Nf3d4 Be7f6
18.Nd4f5 Bf6xa1
19.Qd1xa1 a4
20.Qa1xh8 Nh7f8
21.Nf5xd6 Ke7
22.Nd6xc8 Ra8xc8
23.Qh8xh6 f6
24.Qh6g7 Ke8
25.Qg7f7 Kd8
26.Be3b6 Rc8c7
27.Qf7xf8 
1-0

[Event "Match"]
[Site "www.echecsemail.com"]
[Date "2017.08.20"]
[Round "1"]
[White "Irene"]
[Black "Biggles"]
[WhiteElo "2140"]
[BlackElo "2140"]
[Result "1/2-1/2"]
[Round "1"]
1.d4 Ng8f6
2.Ng1f3 e6
3.g3 c5
4.dxc5 Bf8xc5
5.Bf1g2 d5
6.Nb1d2 O-O
7.Nd2b3 Bc5b6
8.Nb3d4 Nb8c6
9.O-O Bc8d7
10.Bc1g5 h6
11.Bg5h4 Nc6xd4
12.Nf3xd4 g5
13.Qd1d2 Bb6xd4
14.Bh4xg5 hxg5
15.Qd2xg5 Kh8
16.Qg5h4 Nf6h7
17.Qh4xd4 Qd8f6
18.Rf1d1 Qf6xd4
19.Rd1xd4 Bd7c6
20.Rd4h4 Ra8c8
21.e3 Kg7
22.Bg2f1 f5
23.Bf1d3 Nh7f6
24.b3 Rf8h8
25.Rh4f4 Kf7
26.c4 Rh8h5
27.Ra1c1 Ke7
28.cxd5 Nf6xd5
29.Rf4d4 Rh5h3
30.e4 fxe4
31.Bd3xe4 Nd5f6
32.Be4xc6 Rc8xc6
33.Rc1xc6 bxc6
34.Rd4b4 Kd6
35.Rb4b7 Rh3h7
36.Rb7xh7 Nf6xh7
37.f4 Kd5
38.Kf2 Ke4
39.b4 Nh7f6
40.h4 Nf6g4
41.Kg2 e5
42.fxe5 Ng4xe5
43.Kh3 Kf5
44.a3 Kg6
45.Kg2 Ne5f7
46.Kf3 Nf7d6
47.Kf4 Nd6c4
48.g4 Nc4xa3
49.h5 Kg7
50.g5 Na3c4
51.Kf5 Nc4d6
52.Ke6 Nd6f7
53.h6 Kg6
54.h7 Nf7h8
55.Kd6 Kxh7
56.Kxc6 Nh8f7
57.Kb7 Nf7xg5
58.Kxa7 Ng5e6
59.b5 Kg7
60.b6 Ne6c5
61.Kb8 Kf7
62.Kc7 Ke7
63.Kc6 Nc5d7
64.b7 Kd8
65.Kd6 Ke8
66.Kc7 Ke7
67.Kc6 Kd8
68.Kd6 { draw }
1/2-1/2

[Event "Match"]
[Site "www.echecsemail.com"]
[Date "2017.08.20"]
[Round "1"]
[White "Mitja"]
[Black "Cjood"]
[WhiteElo "2080"]
[BlackElo "1900"]
[Result "1-0"]
[Round "1"]
1.d4 e6
2.e3 d5
3.c3 b6
4.Nb1d2 Bc8b7
5.Nd2b3 Nb8c6
6.Ng1e2 Ng8f6
7.Ne2g3 Bf8d6
8.Qd1f3 Qd8e7
9.Ng3h5 Nf6xh5
10.Qf3xh5 g6
11.Qh5d1 O-O-O
12.Bf1d3 f5
13.Qd1e2 Rd8e8
14.Bd3a6 Bb7xa6
15.Qe2xa6 Kb8
16.a4 Ka8
17.a5 Nc6b8
18.Qa6d3 c5
19.axb6 a6
20.dxc5 Bd6xc5
21.Nb3xc5 Qe7xc5
22.Ra1xa6 Nb8xa6
23.Qd3xa6 Kb8
24.Qa6a7 Kc8
25.b7 Kc7
26.b8Q Kc6
27.Qb8b7 Kd6
28.Qb7d7 Ke5
29.Qa7xc5 Re8d8
30.Qd7g7 { resign }
1-0

[Event "Match"]
[Site "www.echecsemail.com"]
[Date "2017.08.20"]
[Round "1"]
[White "Cjood"]
[Black "Mitja"]
[WhiteElo "1920"]
[BlackElo "2090"]
[Result "0-1"]
[Round "1"]
1.e3 d5
2.d4 e6
3.Ng1f3 c6
4.a3 h6
5.Bf1d3 Ng8f6
6.Bc1d2 Qd8b6
7.b4 a6
8.O-O Qb6c7
9.h3 b5
10.Nb1c3 Bc8b7
11.e4 dxe4
12.Nc3xe4 Nf6xe4
13.Bd3xe4 Nb8d7
14.g3 Nd7f6
15.Be4d3 Bf8e7
16.Bd2f4 Be7d6
17.Bf4xd6 Qc7xd6
18.c3 Qd6c7
19.Qd1e2 Nf6d5
20.Ra1c1 Qc7d7
21.Nf3e5 Qd7e7
22.Rf1e1 O-O
23.Qe2h5 Nd5f6
24.Qh5h4 Rf8e8
25.g4 Nf6d7
26.Qh4xe7 Re8xe7
27.Ne5xd7 Re7xd7
28.f4 Ra8e8
29.f5 Rd7e7
30.fxe6 Re7xe6
31.Re1xe6 Re8xe6
32.Kh2 Re6e3
33.Rc1d1 Bb7c8
34.Rd1d2 Bc8e6
35.Kg2 h5
36.gxh5 Re3xh3
37.Kg1 Rh3xh5
38.Rd2h2 Rh5g5
39.Kf2 Be6d5
40.Bd3h7 Kf8
41.Ke3 g6
42.Kf4 Rg5f5
43.Kg4 Kg7
44.Bh7xg6 fxg6
45.Rh2h3 Rf5f2
46.Kg5 Rf2a2
47.Rh3e3 Kf7
48.Kf4 Ra2xa3
49.Ke5 a5
50.bxa5 Ra3xa5
51.Kd6 Ra5a2
52.Re3e7 Kf6
53.Re7c7 Ra2c2
{ resign }
0-1

[Event "Match"]
[Site "www.echecsemail.com"]
[Date "2017.08.20"]
[Round "1"]
[White "Biggles"]
[Black "Cjood"]
[WhiteElo "2110"]
[BlackElo "1920"]
[Result "1-0"]
[Round "1"]
1.e4 g6
2.d4 Bf8g7
3.Nb1c3 c5
4.Ng1f3 cxd4
5.Nf3xd4 Bg7xd4
6.Qd1xd4 f6
7.Bf1c4 Nb8c6
8.Qd4d1 Nc6e5
9.Bc4b3 d6
10.Bc1e3 Qd8a5
11.O-O Bc8d7
12.Bb3d5 Bd7c6
13.a3 Bc6xd5
14.Nc3xd5 e6
15.b4 Qa5d8
16.Nd5f4 Qd8e7
17.Ra1c1 Ne5c4
18.c3 b5
19.Qd1b3 g5
20.Nf4e2 Ng8h6
21.a4 Nc4xe3
22.fxe3 bxa4
23.Qb3xa4 Kf7
24.Ne2d4 Rh8c8
25.e5 dxe5
26.Nd4c6 Qe7c7
27.b5 Nh6g4
28.Qa4xg4 Qc7b6
29.Qg4xg5 Ke8
30.Rf1xf6 Qb6xb5
31.Rf6xe6 { resign }
1-0

[Event "Match"]
[Site "www.echecsemail.com"]
[Date "2017.08.20"]
[Round "1"]
[White "Guidom"]
[Black "Cjood"]
[WhiteElo "2130"]
[BlackElo "1900"]
[Result "1/2-1/2"]
[Round "1"]
1.e4 Ng8f6
2.Nb1c3 e5
3.Bf1c4 Bf8c5
4.d3 d6
5.Ng1f3 Bc8e6
6.Nc3d5 Nf6xd5
7.exd5 Be6d7
8.c3 b5
9.Bc4b3 a5
10.a4 bxa4
11.Bb3xa4 Bd7xa4
12.Qd1xa4 Qd8d7
13.Qa4xd7 Nb8xd7
14.b4 Bc5b6
15.c4 O-O
16.b5 Nd7c5
17.Ra1a3 e4
18.dxe4 Nc5xe4
19.O-O Rf8e8
20.Bc1f4 h6
21.Bf4g3 Ne4xg3
{ draw }
1/2-1/2

[Event "Match"]
[Site "www.echecsemail.com"]
[Date "2017.08.20"]
[Round "1"]
[White "Robinjut"]
[Black "Llcervello"]
[WhiteElo "1640"]
[BlackElo "1630"]
[Result "0-1"]
[Round "1"]
1.e4 e5
2.Ng1f3 Nb8c6
3.h3 h5
4.a3 f6
5.Nf3h4 Bf8d6
6.Nh4f5 g6
7.Nf5xd6 cxd6
8.Nb1c3 Nc6d4
9.Nc3e2 Nd4xe2
10.Qd1xe2 Ng8e7
11.d3 O-O
12.Bc1h6 Rf8f7
13.Qe2e3 Kh7
14.Bf1e2 h4
15.O-O Qd8g8
16.g3 g5
 { time }
0-1

[Event "1/128 Finale"]
[Site "www.chess-mail.com"]
[Date "2017.08.20"]
[Round "1"]
[White "Pyssso"]
[Black "Astroboy"]
[WhiteElo "1809"]
[BlackElo "2330"]
[Result "0-1"]
[Round "1"]
1.Ng1f3 f5
2.e4 fxe4
3.Nf3g5 Ng8f6
4.d3 e6
5.dxe4 Nb8c6
6.Bf1d3 Bf8c5
7.O-O O-O
8.c3 d5
9.b4 Bc5b6
10.Qd1b3 Nc6e5
11.Bd3e2 Nf6g4
12.Be2xg4 Ne5xg4
13.Ng5h3 Qd8d6
 { time }
0-1

[Event "1/64 Finale"]
[Site "www.chess-mail.com"]
[Date "2017.08.20"]
[Round "1"]
[White "Pforjan"]
[Black "Cjood"]
[WhiteElo "2369"]
[BlackElo "1900"]
[Result "1-0"]
[Round "1"]
1.e4 Ng8f6
2.e5 Nf6d5
3.c4 Nd5b6
4.d4 d5
5.c5 Nb6d7
6.Bf1d3 e6
7.Ng1f3 b6
8.cxb6 cxb6
9.O-O Bf8e7
10.Nb1c3 Nb8c6
11.a3 g6
12.Bc1h6 Bc8b7
13.Qd1d2 Nc6a5
14.Qd2f4 f5
15.exf6 Be7xf6
16.Nc3b5 Ke7
17.Rf1e1 Nd7f8
18.Nf3g5 Bb7a6
19.Bh6g7 Nf8d7
20.Re1xe6 
1-0

[Event "Eq:SIETE ESTRELLAS VERDES-Slap Shot Mates : "]
[Site "www.chess-mail.com"]
[Date "2017.08.20"]
[Round "1"]
[White "Coolant"]
[Black "Susov"]
[WhiteElo "2290"]
[BlackElo "1810"]
[Result "1-0"]
[Round "1"]
1.Nb1c3 e5
2.Ng1f3 Nb8c6
3.e4 Ng8f6
4.Bf1b5 d6
5.d4 a6
6.Bb5xc6 bxc6
7.dxe5 dxe5
8.Qd1xd8 Kxd8
9.Nf3xe5 Bc8e6
10.Ne5xc6 Kc8
11.Bc1d2 Bf8c5
12.Nc6a5 Rh8e8
{ time. }
1-0